Zisťovanie výsledku hospodárenia obce za rok 2024

V príspevku sa venujeme výpočtu výsledku hospodárenia obce za rok 2024. V procese zostavenia záverečného účtu ide o najdôležitejšiu povinnosť obce, ktorá má vplyv aj na jej hospodárenie v roku 2025. Uvedieme niekoľko praktických príkladov výpočtu výsledku hospodárenia obce.

Enregistré dans:
Détails bibliographiques
Auteur principal: Konečná Veverková, Ingrid
Format: Chapitre de livre
Langue:slovaque
Sujets:
Tags: Ajouter un tag
Pas de tags, Soyez le premier à ajouter un tag!

MARC

LEADER 00000naa a2200000 4500
001 0308716
005 20250523092406.7
041 0 |a slo 
044 |a SK 
245 1 0 |a Zisťovanie výsledku hospodárenia obce za rok 2024  |c Ingrid Konečná Veverková 
520 |a V príspevku sa venujeme výpočtu výsledku hospodárenia obce za rok 2024. V procese zostavenia záverečného účtu ide o najdôležitejšiu povinnosť obce, ktorá má vplyv aj na jej hospodárenie v roku 2025. Uvedieme niekoľko praktických príkladov výpočtu výsledku hospodárenia obce. 
610 2 0 |a výsledok hospodársky 
610 2 0 |a rozpočty 
610 2 0 |a obce 
610 2 0 |a účtovanie 
610 2 0 |a financovanie 
100 1 |a Konečná Veverková, Ingrid